00389 a2200145 4500001000700000003000400007005001700011008004100028082002100069100001700090245003900107260003700146300001000183653005000193068734OSt20220312152934.0  a954.035092bD53B1 aDhiman, O.P.1 aBetrayal of Gandhicby O.P. Dhiman aDelhibKalpaz Publicationsc2010 a350p. aPhilosophy; India; Gandhi, Mahatma, 1869-1948